000 00666nam a2200181Ia 4500
003 GCL
008 140319s9999 xx 000 0 ara d
040 _aGCL /
_cGCL
082 0 4 _a240
_bس ق
100 1 _aسامية عبدالرحمن عبدالسلام
245 1 0 _aالقيم الاخلاقية :
_bدراسة نقدية فى الفكر الاسلامى والفكر المعاصر /
_cسامية عبدالرحمن عبدالسلام
260 _aالقاهرة :
_bمكتبة النهضة المصرية ،
_c1992
300 _a143 ص ؛
_c24 سم
490 _a
650 0 4 _aالاخلاق
650 0 4 _aالفكر الاسلامى
942 _2ddc
_cBK
999 _c41935
_d41935